| 000 | 00954nac a22002531u 4500 | ||
|---|---|---|---|
| 010 | _a 2001032915 | ||
| 020 | _a0745626580 (alk. paper) | ||
| 020 | _a0745626599 (pbk. : alk. paper) | ||
| 082 | 0 | 0 |
_a320.54 _bSMI |
| 090 |
_c7481 _d7481 |
||
| 100 | _aSmith, Anthony D. | ||
| 245 | 1 | 0 |
_aNationalism : _btheory, ideology, history / _cAnthony D. Smith, |
| 260 |
_aMalden, Mass. : _bPolity Press,c.2001. _cc.2001. |
||
| 300 |
_aviii, 182 p. ; _c23 cm. |
||
| 490 | 1 | _aKey concepts | |
| 500 | _aDistributer: Al-Ahram. | ||
| 504 | _aIncludes bibliographical references (p. [160]-177) and index. | ||
| 511 | _aCatalogued By: Mahitab. | ||
| 650 | 0 | _aNationalism. | |
| 830 | 0 | _aKey concepts (Polity Press) | |
| 856 | 4 | 1 |
_3Table of contents _uhttp://www.loc.gov/catdir/toc/fy036/2001032915.html |
| 942 |
_cBB _k320.54SMI |
||
| 999 |
_c7481 _d7481 |
||